00387nam a2200133Ia 4500008004100000040001700041041001200058082001600070100002300086245008900109250001200198260003200210300001100242230917s9999||||xx |||||||||||||| ||und|| e111301aMAIN aEnglish a341.2 P759P aDiehl, Paul F. ed. 0aPolitics of global governance: international organization in an interdependent world a2nd ed. aNew DelhibViva booksc2005 a514 p.